000 00407nam a2200133Ia 4500
005 20260328101511.0
008 260328s9999||||xx |||||||||||||| ||und||
100 _aSert, Josep Lluís
245 0 _aCan our Cities survive? :
_b An ABC of Urban problems, their analysis. their solutions /
_cJosep Lluís Sert
260 _bHarvard University Press
300 _a259 p.
650 _aDISEÑO URBANO
942 _cBK
999 _c9221
_d9221